The story of ourselves : (Record no. 1213)
[ view plain ]
| 000 -LEADER | |
|---|---|
| fixed length control field | 00664cam a2200205Ma 4500 |
| 001 - CONTROL NUMBER | |
| control field | 814448779 |
| 003 - CONTROL NUMBER IDENTIFIER | |
| control field | OCoLC |
| 005 - DATE AND TIME OF LATEST TRANSACTION | |
| control field | 20180908141935.0 |
| 008 - FIXED-LENGTH DATA ELEMENTS--GENERAL INFORMATION | |
| fixed length control field | 990207s1944 mou 000 0 eng d |
| 035 ## - SYSTEM CONTROL NUMBER | |
| System control number | (OCoLC)814448779 |
| 040 ## - CATALOGING SOURCE | |
| Original cataloging agency | LQ4 |
| Transcribing agency | LQ4 |
| Modifying agency | OCLCO |
| -- | CIRBC |
| 082 ## - DEWEY DECIMAL CLASSIFICATION NUMBER | |
| Classification number | 242 |
| Item number | H2932S |
| 092 0# - LOCALLY ASSIGNED DEWEY CALL NUMBER (OCLC) | |
| Classification number | 248 |
| Item number | H2932 |
| 100 1# - MAIN ENTRY--PERSONAL NAME | |
| Personal name | Harper, A. F. |
| Fuller form of name | (Albert Foster), |
| Dates associated with a name | 1907- |
| 245 14 - TITLE STATEMENT | |
| Title | The story of ourselves : |
| Remainder of title | a study for teachers and parents--co-workers with God in the creation of Christian personality / |
| Statement of responsibility, etc. | by A. F. Harper. |
| 260 ## - PUBLICATION, DISTRIBUTION, ETC. | |
| Place of publication, distribution, etc. | Kansas City, MO : |
| Name of publisher, distributor, etc. | Beacon Hill Press, |
| Date of publication, distribution, etc. | 1944. |
| 300 ## - PHYSICAL DESCRIPTION | |
| Extent | 232 p. ; |
| Dimensions | 19 cm. |
| 650 00 - SUBJECT ADDED ENTRY--TOPICAL TERM | |
| Topical term or geographic name entry element | Christian life. |
| 942 ## - ADDED ENTRY ELEMENTS (KOHA) | |
| Source of classification or shelving scheme | Dewey Decimal Classification |
| Koha item type | Books |
| Withdrawn status | Lost status | Source of classification or shelving scheme | Damaged status | Not for loan | Collection code | Home library | Current library | Shelving location | Date acquired | Total Checkouts | Full call number | Barcode | Date last seen | Price effective from | Koha item type |
|---|---|---|---|---|---|---|---|---|---|---|---|---|---|---|---|
| Dewey Decimal Classification | Non-fiction | Harvest Mission College | Harvest Mission College | General Stacks | 08.09.2018 | 242 H2932S | 002252 | 08.09.2018 | 08.09.2018 | Books |
